[Event "GRE-chT2 48th"]
[Site "Thessaloniki"]
[Date "2021.10.10"]
[Round "7.5"]
[White "Lamprinos, Athanasios Angelos"]
[Black "Mitsiou, Konstantinos"]
[Result "0-1"]
[WhiteElo "1039"]
[BlackElo "1582"]
[PlyCount "72"]
[EventDate "2021.10.05"]
[EventType "team-swiss"]
[EventRounds "7"]
[EventCountry "GRE"]
[SourceTitle "CBM 204 Extra"]
[Source "ChessBase"]
[SourceDate "2021.11.30"]
[SourceVersion "1"]
[SourceVersionDate "2021.11.30"]
[SourceQuality "1"]
[WhiteTeam "Giannitson"]
[BlackTeam "Polygyrou ASO"]
[WhiteTeamCountry "GRE"]
[BlackTeamCountry "GRE"]

1. e4 c6 2. d4 d5 3. exd5 cxd5 4. Bd3 Nf6 5. Nf3 Bg4 6. 0-0 Nc6 7. c3 e6 8. Bg5 Bd6 9. Nbd2 Qc7 10. Qc2 Bh5 11. Bh4 Bg6 12. Rfe1 0-0 13. b4 Nxb4 14. cxb4 Qxc2 15. Bxc2 Bxc2 16. a3 Bf4 17. Bg5 Bxg5 18. Nxg5 Rac8 19. Ngf3 Rc7 20. Ra2 Rfc8 21. Rc1 Be4 22. Rxc7 Rxc7 23. Ne5 Rc1+ 24. Nf1 Ne8 25. f3 Bf5 26. Kf2 Nd6 27. Ne3 Rc3 28. g4 Bg6 29. a4 Rb3 30. b5 Rb4 31. Ke2 Rxd4 32. Nxg6 hxg6 33. Rc2 Rxa4 34. Rb2 Ra3 35. Nc2 Ra5 36. b6 Nc4 0-1